| 000 | 02265cam a22006494i 4500 | ||
|---|---|---|---|
| 003 | PE-LiUPU | ||
| 005 | 20250731170459.0 | ||
| 008 | 150616s1992 xxua rb 000 0 eng d | ||
| 020 | _a0891096388 | ||
| 020 | _a9780891096382 | ||
| 035 | _a(Sirsi) i9780891096382 | ||
| 040 |
_aPE-LiUPU _bspa _cPE-LiUPU _dPE-LiUPU _erda |
||
| 049 | _aPRUA | ||
| 082 | 0 | 4 |
_a158.2 _bS78 _221 |
| 100 | 1 |
_aStanley, Paul D., _eautor. |
|
| 245 | 1 | 0 |
_aConnecting : _bthe mentoring relationships you need to succeed in life / _cPaul D. Stanley. |
| 264 | 1 |
_aColorado Springs : _bNavpress, _c1992. |
|
| 300 |
_a252 páginas : _bilustraciones ; _c20 centímetros |
||
| 336 |
_atext _2rdacontent |
||
| 337 |
_aunmediated _2rdamedia |
||
| 338 |
_avolume _2rdacarrier |
||
| 504 | _aBibliografía: páginas 236-252. | ||
| 505 | 0 | _aRelationships that make a difference -- Intensive mentoring: The spiritual guide. | |
| 526 | _aSEG68 | ||
| 526 | _aSEG70 | ||
| 526 | _aSEG69 | ||
| 526 | _aSEG67 | ||
| 526 | _aSEG43 | ||
| 526 | _aP144 | ||
| 526 | _aP143 | ||
| 526 | _aP131 | ||
| 526 | _aP122 | ||
| 526 | _aP120 | ||
| 526 | _aP117 | ||
| 526 | _aP112 | ||
| 526 | _aP110 | ||
| 526 | _aP106 | ||
| 526 | _aP101 | ||
| 526 | _aP80 | ||
| 526 | _aP59 | ||
| 526 | _aP54 | ||
| 526 | _aP35 | ||
| 526 | _aP33 | ||
| 526 | _aP30 | ||
| 650 | 0 | 4 |
_aComunicación interpersonal. _93021 |
| 700 | 1 |
_aClinton, J. Robert, _eautor. |
|
| 910 |
_ajck _bjvq _cjck |
||
| 942 |
_2ddc _cBOOK |
||
| 949 |
_a158.2 S78 _wDEWEY _c1 _i36374 _lCCODEBUL1 _mBUL _r0 _sY _tBOOK _u2015-4-23 _xTEOLOGIA _zUNKNOWN _0COMPRA _o.STAFF. Colección General |
||
| 949 |
_a158.2 S78 _wDEWEY _c2 _i41807 _lCCODEBUL1 _mBUL _r0 _sY _tBOOK _u2015-6-16 _xTEOLOGIA _zUNKNOWN _0COMPRA _o.STAFF. Colección Ciencias de la Salud |
||
| 994 |
_aC0 _bPEPRU |
||
| 596 | _a1 | ||
| 999 |
_a158.2 S78 _wDEWEY _c59468 _i36374 _f2021-11-10 _g5 _lCCODEBUL1 _mBUL _r0 _sY _tBOOK _u2015-4-23 _xTEOLOGIA _zUNKNOWN _0COMPRA _o.STAFF. Colección General _d59468 |
||
| 999 |
_a158.2 S78 _wDEWEY _c2 _i41807 _f2021-11-3 _g5 _lCCODEBUL1 _mBUL _p14.58 _r0 _sY _tBOOK _u2015-6-16 _xSALUD _zUNKNOWN _0COMPRA _o.STAFF. Colección Ciencias de la Salud |
||
| 980 |
_81 _gALBERTO SANCHEZ Responsable de Automatización |
||